000 00420nam a2200169Ia 4500
001 12809
003 IN-NITTTR
005 20251114233120.0
008 251113s9999||||xx |||||||||||||| ||eng||
040 _beng
040 _cIN-NITTTR
041 _aeng
082 _a609 T685
100 _aQureshi, M. A.
245 0 _aTransfer of technology from national laboratories to industry /
_cQureshi, M. A.
942 _2ddc
_cBK
999 _c15445
_d15445